<?xml version="1.0" encoding="UTF-8"?>
<collection xmlns="http://www.loc.gov/MARC21/slim">
<record>
  <controlfield tag="001">5943</controlfield>
  <controlfield tag="005">20241203102814.0</controlfield>
  <datafield tag="024" ind1="7" ind2=" ">
    <subfield code="a">10.3390/s23010056</subfield>
    <subfield code="2">DOI</subfield>
  </datafield>
  <datafield tag="037" ind1=" " ind2=" ">
    <subfield code="a">SCART-2022-0128</subfield>
  </datafield>
  <datafield tag="100" ind1=" " ind2=" ">
    <subfield code="a">Lemenkova, P.</subfield>
  </datafield>
  <datafield tag="245" ind1=" " ind2=" ">
    <subfield code="a">Computer Vision Algorithms of DigitSeis for Building a Vectorised Dataset of Historical Seismograms from the Archive of Royal Observatory of Belgium</subfield>
  </datafield>
  <datafield tag="260" ind1=" " ind2=" ">
    <subfield code="c">2023</subfield>
  </datafield>
  <datafield tag="536" ind1=" " ind2=" ">
    <subfield code="a">B2/</subfield>
    <subfield code="c">202/</subfield>
    <subfield code="f">P2/SEISMOSTORM</subfield>
  </datafield>
  <datafield tag="594" ind1=" " ind2=" ">
    <subfield code="a">NO</subfield>
  </datafield>
  <datafield tag="700" ind1=" " ind2=" ">
    <subfield code="a">De Plaen, R.</subfield>
  </datafield>
  <datafield tag="700" ind1=" " ind2=" ">
    <subfield code="a">Lecocq, T.</subfield>
  </datafield>
  <datafield tag="700" ind1=" " ind2=" ">
    <subfield code="a">Debeir, O.</subfield>
  </datafield>
  <datafield tag="773" ind1=" " ind2=" ">
    <subfield code="p">Sensors</subfield>
    <subfield code="v">23</subfield>
    <subfield code="y">2023</subfield>
    <subfield code="n">56</subfield>
  </datafield>
  <datafield tag="856" ind1="0" ind2=" ">
    <subfield code="f">thomas.lecocq@observatoire.be</subfield>
  </datafield>
  <datafield tag="856" ind1="4" ind2="2">
    <subfield code="a">https://doi.org/10.3390/s23010056</subfield>
  </datafield>
  <datafield tag="856" ind1="4" ind2=" ">
    <subfield code="s">1887111</subfield>
    <subfield code="u">http://publi2-as.oma.be/record/5943/files/sensors-23-00056-g011.png</subfield>
    <subfield code="y">Results of the scanned seismogram classification processed by DigitSeis. (a) Results of the classified image with shown yellow segments of the identified trace (enlarged fragment). Here: example of file UCC19540109Gal_E_0812.tif. Yellow color signifies a selected segment on the trace line.(b) Classified seismogram with traces saved in binary format 0–1. Here: example of file UCC19540109Gal_E_0812.tif (seismogram recorded on 9 January 1954).</subfield>
  </datafield>
  <datafield tag="856" ind1="4" ind2=" ">
    <subfield code="s">10076</subfield>
    <subfield code="u">http://publi2-as.oma.be/record/5943/files/sensors-23-00056-g011.gif?subformat=icon</subfield>
    <subfield code="x">icon</subfield>
    <subfield code="y">Results of the scanned seismogram classification processed by DigitSeis. (a) Results of the classified image with shown yellow segments of the identified trace (enlarged fragment). Here: example of file UCC19540109Gal_E_0812.tif. Yellow color signifies a selected segment on the trace line.(b) Classified seismogram with traces saved in binary format 0–1. Here: example of file UCC19540109Gal_E_0812.tif (seismogram recorded on 9 January 1954).</subfield>
  </datafield>
  <datafield tag="856" ind1="4" ind2=" ">
    <subfield code="s">16129</subfield>
    <subfield code="u">http://publi2-as.oma.be/record/5943/files/sensors-23-00056-g011.jpg?subformat=icon-180</subfield>
    <subfield code="x">icon-180</subfield>
    <subfield code="y">Results of the scanned seismogram classification processed by DigitSeis. (a) Results of the classified image with shown yellow segments of the identified trace (enlarged fragment). Here: example of file UCC19540109Gal_E_0812.tif. Yellow color signifies a selected segment on the trace line.(b) Classified seismogram with traces saved in binary format 0–1. Here: example of file UCC19540109Gal_E_0812.tif (seismogram recorded on 9 January 1954).</subfield>
  </datafield>
  <datafield tag="905" ind1=" " ind2=" ">
    <subfield code="a">published in</subfield>
  </datafield>
  <datafield tag="980" ind1=" " ind2=" ">
    <subfield code="a">REFERD</subfield>
  </datafield>
</record>
</collection>